00772nam a22001577a 450000500170000000800440001705000250006124501750008625000120026126001090027330000230038260000620040565000390046765000670050670000410057320250624121116.0250624b cu |||||||| |||| 00| 0 spa d04aPQ7389.M2 bZ82 195300aPensamiento y acción de José Marti b : conferencias y ensayos ofrecidos con motivo del primer centenario de su nacimientoc / Felipe Martínez Arango ... [et al.].  a1a ed.  aSantiago de Cuba : bUniversidad de Oriente, Departamento de Extensión y Relaciones Culturales, c1953 a432 p. ; c24 cm. 1 aMarti, José, d1853 - 1895xCritica e interpretación  72lembaLiteratura cubanaySiglo XIX 72lembaAutores cubanos xCritica e interpretación ySiglo XIX 4Martínez, Arango, Felipe, eautor